000 00491nam a2200181Ia 4500
008 100917s9999 xx 000 0 und d
082 _b12965
100 _aसोवनी म. वि.
245 _aजलवंती
260 _bचित्रशाळा प्रकाशन
300 _a39
365 _b0.75
520 _aबालविभाग
630 _aजलवंती
650 _aबालविभाग
730 _aजलवंती
942 _cBOOK
999 _c618359
_d618356